00278nam a2200121Ia 4500008004100000041000800041082001500049100002400064245001200088260002500100300002400125365000700149240624s9999 xx 000 0 und d aeng a891.43 THA aTHAKUR RAVINDRANATH aYOGAYOG c2009aDelhibSahitya a231 : p. : cm. ; 20 cRS